Ako s JCD? Vyhláška Ministerstva financií Slovenskej republiky o forme, obsahu, náležitostiach colného vyhlásenia a o spôsobe vedenia colnej štatistiky

Guardado en:
Detalles Bibliográficos
Formato: Libro
Lenguaje:eslovaco
Publicado: Žilina Ekonspo [1993]
Edición:1. vyd.
Materias:
Etiquetas: Agregar Etiqueta
Sin Etiquetas, Sea el primero en etiquetar este registro!

MARC

LEADER 00000nam a2200000 4500
001 c002670
005 20221214081745.4
041 0 |a slo 
044 |a SK 
245 1 0 |a Ako s JCD?  |b Vyhláška Ministerstva financií Slovenskej republiky o forme, obsahu, náležitostiach colného vyhlásenia a o spôsobe vedenia colnej štatistiky 
250 |a 1. vyd. 
264 1 |a Žilina  |b Ekonspo  |c [1993] 
300 |a 41 s.  |e tb. príl. 
610 2 0 |a colníctvo 
610 2 0 |a clá 
610 2 0 |a vyhlášky 
610 2 0 |a Slovensko 
610 2 0 |a 1993 
610 2 0 |a štatistika